000 00314nam a22001337a 4500
003 OSt
005 20160727222409.0
008 160624b xxu||||| |||| 00| 0 eng d
100 _9931
_aEyerly, F
245 _aThe Girls Inside
260 _aN.Y
_b J.B. Hippncott
_c1968
300 _aThe Girls Inside
942 _2ddc
_cBK
999 _c742
_d742